[Event "XXIV Festival Conca della Presolana A"]
[Site "Bratto - Castione della Presolana ITA"]
[Date "2004.08.20"]
[Round "1"]
[White "Moncelli, Giorgio"]
[Black "Cebalo, Miso"]
[Result "0-1"]
[WhiteElo "2141"]
[BlackElo "2527"]
[PlyCount "42"]
[EventDate "2004.08.20"]

1.d4 Nf6 2.Nf3 g6 3.c4 Bg7 4.Nc3 O-O 5.e4 d6 6.Be2 e5 7.d5 a5 8.Bg5 h6 9.
Bh4 Na6 10.Nd2 Bd7 11.O-O Qe8 12.b3 Nh7 13.a3 h5 14.f3 Bh6 15.Bf2 Qe7 16.
Re1 f5 17.Rb1 Nc5 18.Qc2 Nf6 19.Bd3 b6 20.Ra1 Bxd2 21.Bxc5 Bxc3 0-1

[Event "XXIV Festival Conca della Presolana A"]
[Site "Bratto - Castione della Presolana ITA"]
[Date "2004.08.20"]
[Round "1"]
[White "Nieus, Thierry"]
[Black "Raselli, Claudio"]
[Result "1-0"]
[WhiteElo "2221"]
[BlackElo "2061"]
[PlyCount "53"]
[EventDate "2004.08.20"]

1.e4 d5 2.exd5 Qxd5 3.Nc3 Qa5 4.d4 Nf6 5.Nf3 c6 6.Bc4 Bf5 7.Ne5 e6 8.Bd2 
Qc7 9.g4 Bg6 10.h4 Nbd7 11.Bf4 Bd6 12.Qe2 b5 13.Bxe6 Bxe5 14.Bxd7+ Nxd7 
15.dxe5 h6 16.O-O-O O-O 17.Qe3 Qb7 18.h5 Bh7 19.Ne4 Bxe4 20.Qxe4 Nc5 21.
Qf5 Ne6 22.g5 hxg5 23.Bxg5 c5 24.h6 Nd4 25.Qg4 Qf3 26.Qxf3 Nxf3 27.hxg7 
1-0

[Event "XXIV Festival Conca della Presolana A"]
[Site "Bratto - Castione della Presolana ITA"]
[Date "2004.08.20"]
[Round "1"]
[White "Passoni, Carlo"]
[Black "Ticozzi, Stefano"]
[Result "1-0"]
[WhiteElo "2286"]
[BlackElo "2079"]
[PlyCount "95"]
[EventDate "2004.08.20"]

1.e4 c5 2.Nf3 Nc6 3.Nc3 d6 4.d4 cxd4 5.Nxd4 Nf6 6.Bc4 Qb6 7.Nxc6 bxc6 8.
O-O g6 9.e5 dxe5 10.Qe2 Qd4 11.Be3 Qd6 12.Rad1 Qc7 13.f4 e4 14.Bd4 Bg4 15.
Qe3 Bg7 16.Nxe4 O-O 17.Nxf6+ Bxf6 18.Bxf6 exf6 19.Rde1 Bf5 20.Qc3 Kg7 21.
h3 h5 22.Bb3 Rfe8 23.Qf3 Be6 24.Kh1 Rad8 25.Bxe6 Rxe6 26.Rxe6 fxe6 27.Qe3 
Qd7 28.Re1 Re8 29.Re2 Re7 30.Rd2 Qc7 31.Rd3 Kf7 32.Qd2 e5 33.fxe5 Qxe5 34.
Qh6 Qe1+ 35.Kh2 Qe5+ 36.Rg3 Qf5 37.Qh7+ Kf8 38.Qxg6 Qxg6 39.Rxg6 Kf7 40.
Rg3 Rb7 41.b3 Ke6 42.Rd3 Rb5 43.Kg3 Re5 44.Kf2 Kf5 45.Rd6 c5 46.c4 Ke4 47.
Rxf6 Kd3 48.Rd6+ 1-0

[Event "XXIV Festival Conca della Presolana A"]
[Site "Bratto - Castione della Presolana ITA"]
[Date "2004.08.20"]
[Round "1"]
[White "Patelli, Alessandro"]
[Black "Orsi, Massimiliano"]
[Result "1-0"]
[WhiteElo "2211"]
[BlackElo "2046"]
[PlyCount "95"]
[EventDate "2004.08.20"]

1.Nf3 d5 2.d4 Bg4 3.c4 Nc6 4.cxd5 Bxf3 5.dxc6 Bxc6 6.Nc3 e6 7.f3 Qh4+ 8.g3
Qh5 9.e4 O-O-O 10.Be3 Bc5 11.Be2 Qg6 12.e5 Bb6 13.Na4 Ba5+ 14.Kf2 f6 15.b4
Qe8 16.bxa5 Bxa4 17.Qc1 Bb5 18.Rb1 Bxe2 19.Kxe2 Qc6 20.Qxc6 bxc6 21.a6 Ne7
22.Rb7 Kd7 23.Rhb1 Nd5 24.Bd2 Ra8 25.R1b3 Rac8 26.Bc1 Nb6 27.Ba3 Rb8 28.
Bc5 Kc8 29.a4 Rxb7 30.axb7+ Kxb7 31.a5 fxe5 32.dxe5 Rd8 33.axb6 cxb6 34.
Bd6 a5 35.f4 a4 36.Ra3 b5 37.Rc3 Rc8 38.f5 exf5 39.e6 Kb6 40.e7 Ka5 41.
Bc7+ Kb4 42.Bd8 Kxc3 43.e8=Q Rxd8 44.Qxd8 a3 45.Qd3+ Kb2 46.Kd2 b4 47.Qc2+
Ka1 48.Kc1 1-0

[Event "XXIV Festival Conca della Presolana A"]
[Site "Bratto - Castione della Presolana ITA"]
[Date "2004.08.20"]
[Round "1"]
[White "Pechy, Alaster"]
[Black "Bellini, Fabio"]
[Result "0-1"]
[WhiteElo "2138"]
[BlackElo "2509"]
[PlyCount "70"]
[EventDate "2004.08.20"]

1.d4 d6 2.c4 e5 3.dxe5 dxe5 4.Qxd8+ Kxd8 5.Nc3 c6 6.e4 Bc5 7.Nf3 f6 8.Nd2 
Bb4 9.Nb3 a5 10.a4 Be6 11.Be3 Nd7 12.O-O-O Kc7 13.Kc2 Ne7 14.Nc1 Nc8 15.b3
Nd6 16.f3 Bc5 17.Bxc5 Nxc5 18.Nd3 Na6 19.h4 Rhd8 20.g3 Rd7 21.Bh3 Bxh3 22.
Rxh3 Rad8 23.Rh2 Nxe4 24.fxe4 Rxd3 25.Nd5+ cxd5 26.Kxd3 dxc4+ 27.Ke2 Rxd1 
28.Kxd1 cxb3 29.g4 Nc5 30.g5 b5 31.g6 hxg6 32.Rg2 bxa4 33.Rxg6 a3 34.Rxg7+
Kc6 35.Kc1 Na4 0-1

[Event "XXIV Festival Conca della Presolana A"]
[Site "Bratto - Castione della Presolana ITA"]
[Date "2004.08.20"]
[Round "1"]
[White "Pegoraro, Nicola"]
[Black "Bentivegna, Francesco"]
[Result "0-1"]
[WhiteElo "2065"]
[BlackElo "2250"]
[PlyCount "70"]
[EventDate "2004.08.20"]

1.e4 e5 2.Nf3 Nc6 3.d4 exd4 4.Bc4 Nf6 5.O-O Bc5 6.e5 d5 7.exf6 dxc4 8.Re1+
Be6 9.Ng5 Qd5 10.Nc3 Qf5 11.Nce4 O-O-O 12.Nxe6 fxe6 13.g4 Qe5 14.Bg5 Rhg8 
15.f7 Rgf8 16.Bxd8 Nxd8 17.Qd2 Nxf7 18.Rad1 Qd5 19.f4 Bb6 20.h3 h5 21.g5 
Nd6 22.Nxd6+ cxd6 23.Kh2 e5 24.Rf1 e4 25.Qg2 Qe6 26.Rde1 d5 27.b3 c3 28.
Rd1 Qf5 29.h4 e3 30.Rd3 Qe4 31.Kh1 Rxf4 32.Rxf4 Qxf4 33.Qh3+ Kd8 34.Rd1 
Qe4+ 35.Qg2 e2 0-1

[Event "XXIV Festival Conca della Presolana A"]
[Site "Bratto - Castione della Presolana ITA"]
[Date "2004.08.20"]
[Round "1"]
[White "Piscopo, Pierluigi"]
[Black "Temi, Walter"]
[Result "1-0"]
[WhiteElo "2367"]
[BlackElo "2101"]
[PlyCount "125"]
[EventDate "2004.08.20"]

1.e4 b6 2.d4 Bb7 3.Nd2 e6 4.Ngf3 c5 5.c3 cxd4 6.cxd4 Nf6 7.Bd3 Nc6 8.a3 
Be7 9.O-O d6 10.Qe2 a6 11.b4 b5 12.Bb2 d5 13.e5 Nd7 14.Nb3 Nb6 15.Nc5 Bxc5
16.bxc5 Nc4 17.Bc3 Na7 18.Ne1 Qe7 19.f4 g6 20.Nc2 h5 21.Ne1 Qd7 22.Nf3 Nc8
23.Be1 Ne7 24.Bh4 Nf5 25.Bf6 Rg8 26.Bxf5 exf5 27.Ng5 Qc6 28.e6 fxe6 29.
Nxe6 Kf7 30.Nd8+ Kxf6 31.Nxc6 Bxc6 32.Qf2 Rge8 33.Rfe1 Re4 34.Qh4+ Kf7 35.
a4 bxa4 36.Rxe4 dxe4 37.d5 Bxd5 38.Rxa4 Rb8 39.Qe1 e3 40.Rxc4 Bxc4 41.Qc1 
Bd5 42.Qxe3 Be4 43.Qc3 Rc8 44.Qc4+ Ke7 45.Qxa6 Rxc5 46.Qxg6 Rc1+ 47.Kf2 
Rc2+ 48.Ke3 Rxg2 49.Qxh5 Kd6 50.Qh8 Ke6 51.h4 Rg3+ 52.Kd4 Rd3+ 53.Kc4 Rf3 
54.Kc5 Kf7 55.Qh7+ Kf6 56.h5 Rc3+ 57.Kd4 Rd3+ 58.Kc4 Rh3 59.Qg6+ Ke7 60.h6
Bf3 61.h7 Bh5 62.Qg5+ Kd6 63.Qf6+ 1-0

[Event "XXIV Festival Conca della Presolana A"]
[Site "Bratto - Castione della Presolana ITA"]
[Date "2004.08.20"]
[Round "1"]
[White "Poropat, Marijan"]
[Black "Zimina, Olga"]
[Result "0-1"]
[WhiteElo "2126"]
[BlackElo "2430"]
[PlyCount "58"]
[EventDate "2004.08.20"]

1.Nf3 d5 2.d4 c6 3.c4 e6 4.e3 Nf6 5.Bd3 Nbd7 6.O-O dxc4 7.Bxc4 b5 8.Bd3 a6
9.a4 Bb7 10.Nbd2 Qb6 11.Qe2 Be7 12.b3 Nd5 13.Bb2 O-O 14.Rfc1 Nb4 15.Bb1 c5
16.dxc5 Nxc5 17.Bd4 Nc6 18.a5 Qa7 19.Bb2 Rac8 20.h4 Rfd8 21.Nd4 Qb8 22.h5 
Nxd4 23.exd4 Qf4 24.b4 Na4 25.g3 Qh6 26.Rxc8 Rxc8 27.Rxa4 bxa4 28.b5 a3 
29.bxa6 Bd5 0-1

[Event "XXIV Festival Conca della Presolana A"]
[Site "Bratto - Castione della Presolana ITA"]
[Date "2004.08.20"]
[Round "1"]
[White "Radice, Luca"]
[Black "Vancini, Edoardo"]
[Result "0-1"]
[WhiteElo "2085"]
[BlackElo "2294"]
[PlyCount "38"]
[EventDate "2004.08.20"]

1.d4 Nf6 2.c4 Nc6 3.Nf3 e6 4.Nc3 Bb4 5.Qc2 d6 6.e3 O-O 7.Be2 e5 8.a3 Bxc3+
9.Qxc3 Qe7 10.b4 Bg4 11.dxe5 Nxe5 12.Bb2 Rfe8 13.Nxe5 Bxe2 14.Nxf7 Qxf7 
15.Kxe2 Ne4 16.Qe1 Qxc4+ 17.Kd1 Re5 18.Qf1 Rd5+ 19.Ke1 Qc2 0-1

[Event "XXIV Festival Conca della Presolana A"]
[Site "Bratto - Castione della Presolana ITA"]
[Date "2004.08.20"]
[Round "1"]
[White "Sanchez, Joseph"]
[Black "Vinciguerra, Marco"]
[Result "1/2-1/2"]
[WhiteElo "2453"]
[BlackElo "2129"]
[PlyCount "44"]
[EventDate "2004.08.20"]

1.e4 d5 2.exd5 Nf6 3.d4 Nxd5 4.Nf3 g6 5.Bc4 Bg7 6.O-O O-O 7.Bb3 Nc6 8.c4 
Nb6 9.c5 Nd5 10.Nc3 Nxc3 11.bxc3 b6 12.cxb6 axb6 13.Re1 Na5 14.Bc2 Nc4 15.
Bd3 Nd6 16.Ne5 Re8 17.h4 Bf5 18.Bf1 f6 19.Nd3 e5 20.d5 Bxd3 21.Qxd3 e4 22.
Qh3 f5 1/2-1/2

[Event "XXIV Festival Conca della Presolana A"]
[Site "Bratto - Castione della Presolana ITA"]
[Date "2004.08.20"]
[Round "1"]
[White "Sardo, Gabriele"]
[Black "Cardini, Saverio"]
[Result "1-0"]
[WhiteElo "2202"]
[BlackElo "2026"]
[PlyCount "53"]
[EventDate "2004.08.20"]

1.c4 g6 2.Nc3 Bg7 3.e4 e5 4.Nge2 Nc6 5.g3 d6 6.Bg2 Be6 7.Nd5 Nce7 8.O-O c6
9.Ne3 Qd7 10.f4 Nh6 11.Rb1 d5 12.exd5 cxd5 13.d4 exd4 14.Nxd4 Bg4 15.Nxg4 
Nxg4 16.cxd5 Nxd5 17.Re1+ Ne7 18.Ne6 fxe6 19.Qxg4 Nf5 20.Qe2 Kf7 21.b3 Nd4
22.Qe4 Rac8 23.Kh1 Nc2 24.Rf1 Rc7 25.Bb2 Bxb2 26.Rxb2 Qd4 27.Rxc2 1-0

[Event "XXIV Festival Conca della Presolana A"]
[Site "Bratto - Castione della Presolana ITA"]
[Date "2004.08.20"]
[Round "1"]
[White "Sax, Gyula"]
[Black "Ricci, Marco"]
[Result "1-0"]
[WhiteElo "2535"]
[BlackElo "2147"]
[PlyCount "55"]
[EventDate "2004.08.20"]

1.e4 e6 2.d4 d5 3.Nd2 Nf6 4.e5 Nfd7 5.f4 c5 6.c3 Nc6 7.Ndf3 Qb6 8.h4 f6 9.
Bd3 cxd4 10.cxd4 Bb4+ 11.Kf1 fxe5 12.dxe5 Be7 13.Ng5 Nc5 14.Nxh7 Nxd3 15.
Qxd3 Qa6 16.Qxa6 bxa6 17.Ng5 Bxg5 18.fxg5 Nxe5 19.Nf3 Nxf3 20.gxf3 Rb8 21.
Bf4 Rb4 22.Rc1 Bd7 23.Bg3 Rxb2 24.Be5 Rb4 25.h5 Rg8 26.h6 Bb5+ 27.Kf2 gxh6
28.gxh6 1-0

[Event "XXIV Festival Conca della Presolana A"]
[Site "Bratto - Castione della Presolana ITA"]
[Date "2004.08.20"]
[Round "1"]
[White "Sbarra, Marco"]
[Black "Bottino, Alexiei"]
[Result "1-0"]
[WhiteElo "2228"]
[BlackElo "2061"]
[PlyCount "53"]
[EventDate "2004.08.20"]

1.e4 c5 2.Nf3 Nc6 3.Bb5 g6 4.Bxc6 dxc6 5.d3 Bg7 6.h3 e5 7.Nc3 Ne7 8.Be3 b6
9.Qd2 O-O 10.Bh6 Bxh6 11.Qxh6 f6 12.O-O Be6 13.Rad1 Qc7 14.Nd2 Rad8 15.f4 
exf4 16.Rxf4 Rf7 17.Rf2 Kh8 18.Rdf1 Rdf8 19.Nf3 Ng8 20.Qe3 Ne7 21.Ne2 Kg7 
22.Nf4 Qd7 23.d4 Rb8 24.Nxe6+ Qxe6 25.Ng5 Qxa2 26.Nxf7 Qxf7 27.Rxf6 1-0

[Event "XXIV Festival Conca della Presolana A"]
[Site "Bratto - Castione della Presolana ITA"]
[Date "2004.08.20"]
[Round "1"]
[White "Scacco, Mauro"]
[Black "Sedina, Elena"]
[Result "0-1"]
[WhiteElo "2117"]
[BlackElo "2396"]
[PlyCount "58"]
[EventDate "2004.08.20"]

1.e4 e6 2.Nf3 d5 3.e5 c5 4.b4 cxb4 5.d4 Nc6 6.Bd3 Nge7 7.O-O Nf5 8.a3 Be7 
9.axb4 Nxb4 10.Be2 Bd7 11.Ba3 h5 12.c3 Nc6 13.Bxe7 Qxe7 14.Na3 a6 15.Qd2 
Na5 16.Rfb1 b5 17.Nxb5 axb5 18.Rxb5 Qd8 19.Rb2 Nc4 20.Rxa8 Qxa8 21.Bxc4 
dxc4 22.h3 O-O 23.Kh2 Bc6 24.Ra2 Qb7 25.Rb2 Qe7 26.Ng1 f6 27.Qe2 fxe5 28.
dxe5 Qg5 29.f3 Qf4+ 0-1

[Event "XXIV Festival Conca della Presolana A"]
[Site "Bratto - Castione della Presolana ITA"]
[Date "2004.08.20"]
[Round "1"]
[White "Shytaj, Carlo"]
[Black "De Marco, Walter"]
[Result "1-0"]
[WhiteElo "2214"]
[BlackElo "2053"]
[PlyCount "97"]
[EventDate "2004.08.20"]

1.e4 c5 2.b3 Nc6 3.Bb2 d6 4.Nc3 Nf6 5.Nge2 Be6 6.d4 cxd4 7.Nxd4 Nxd4 8.
Qxd4 g6 9.Bb5+ Bd7 10.Bxd7+ Qxd7 11.Nd5 Bg7 12.Qd3 Nh5 13.Bxg7 Nxg7 14.O-O
O-O 15.Rae1 Nh5 16.f4 e6 17.Ne3 Qc6 18.f5 Nf6 19.fxg6 fxg6 20.Nc4 Qc5+ 21.
Qe3 Nxe4 22.Rxf8+ Rxf8 23.Qxc5 Nxc5 24.Nxd6 Rd8 25.Ne4 Nxe4 26.Rxe4 Rd2 
27.Rc4 Rd7 28.Kf2 Kf7 29.Ke3 Kf6 30.Rd4 Rc7 31.c4 h6 32.Rd8 Rc5 33.Rf8+ 
Ke7 34.Rb8 Rc7 35.Rh8 Kf6 36.Rxh6 Rc6 37.Rh7 Rb6 38.Rc7 a5 39.Rc5 a4 40.
Rb5 axb3 41.axb3 Rxb5 42.cxb5 Ke5 43.h4 Kf5 44.Kf3 Ke5 45.g4 Kf6 46.Ke4 
Kf7 47.Ke5 Ke7 48.b6 Kf7 49.h5 1-0

[Event "XXIV Festival Conca della Presolana A"]
[Site "Bratto - Castione della Presolana ITA"]
[Date "2004.08.20"]
[Round "1"]
[White "Simeone, Giulio"]
[Black "Andreoli, Renato"]
[Result "1/2-1/2"]
[WhiteElo "2024"]
[BlackElo "2200"]
[PlyCount "56"]
[EventDate "2004.08.20"]

1.c4 Nf6 2.Nc3 c5 3.e3 e6 4.Nf3 Nc6 5.d4 d5 6.a3 Be7 7.dxc5 Bxc5 8.b4 Bd6 
9.c5 Bc7 10.Bb2 O-O 11.Be2 a6 12.O-O e5 13.b5 axb5 14.Nxb5 Bb8 15.Qd2 Bg4 
16.Rfd1 e4 17.Nfd4 Ne5 18.Qc3 Bxe2 19.Nxe2 Nd3 20.Nbd4 Be5 21.Rab1 Rc8 22.
Rxd3 exd3 23.Nf4 Qc7 24.Nxd3 Bxh2+ 25.Kh1 Ne4 26.Qc2 Be5 27.Nb5 Qd7 28.
Bxe5 Qf5 1/2-1/2

[Event "XXIV Festival Conca della Presolana A"]
[Site "Bratto - Castione della Presolana ITA"]
[Date "2004.08.20"]
[Round "1"]
[White "Tatai, Stefano"]
[Black "Maccagno, Giancarlo"]
[Result "1-0"]
[WhiteElo "2357"]
[BlackElo "2099"]
[PlyCount "83"]
[EventDate "2004.08.20"]

1.e4 c6 2.d4 g6 3.Nf3 Bg7 4.c3 d6 5.h3 Nf6 6.Nbd2 O-O 7.Be2 Nbd7 8.O-O e5 
9.dxe5 dxe5 10.Re1 Qe7 11.Bf1 Rd8 12.Qc2 Ne8 13.a4 a5 14.Nc4 Nd6 15.Bg5 
Nf6 16.Nfxe5 Be6 17.Nxd6 Qxd6 18.Nf3 Qc5 19.e5 Nd5 20.Bxd8 Rxd8 21.Rad1 
Re8 22.Qd2 Nb6 23.b4 Qe7 24.bxa5 Nxa4 25.Qd4 Nc5 26.Qb4 Bd5 27.Nd4 Bf8 28.
c4 Be4 29.e6 fxe6 30.Nb3 Bc2 31.Nxc5 Bxd1 32.Rxd1 Qxc5 33.Qxb7 Bg7 34.Qd7 
Rf8 35.Qxe6+ Kh8 36.Qe3 Qxa5 37.Rd7 Qf5 38.Rc7 Qf4 39.Qxf4 Rxf4 40.g3 Rf5 
41.Bd3 Rc5 42.Rc8+ 1-0

[Event "XXIV Festival Conca della Presolana A"]
[Site "Bratto - Castione della Presolana ITA"]
[Date "2004.08.20"]
[Round "1"]
[White "Vezzosi, Paolo"]
[Black "Bianco, Raffaele"]
[Result "1-0"]
[WhiteElo "2350"]
[BlackElo "2097"]
[PlyCount "69"]
[EventDate "2004.08.20"]

1.d4 Nf6 2.c4 g6 3.Nc3 Bg7 4.e4 d6 5.Be2 O-O 6.Be3 c5 7.d5 e6 8.Nf3 exd5 
9.cxd5 Re8 10.Nd2 Na6 11.O-O Nc7 12.a4 Nd7 13.Qc2 Ne5 14.f4 Nd7 15.Bf2 
Bxc3 16.Qxc3 Nxd5 17.exd5 Rxe2 18.Nc4 Nb6 19.Ne3 Qe7 20.Rfe1 Rxe1+ 21.Rxe1
Qf8 22.a5 Nd7 23.Bh4 Qg7 24.Nc4 Qxc3 25.bxc3 b5 26.Re8+ Nf8 27.Nxd6 Bb7 
28.Rxf8+ Kxf8 29.Nxb7 b4 30.cxb4 cxb4 31.d6 b3 32.Bf6 Rb8 33.d7 b2 34.Bxb2
Ke7 35.d8=Q+ 1-0

[Event "XXIV Festival Conca della Presolana A"]
[Site "Bratto - Castione della Presolana ITA"]
[Date "2004.08.20"]
[Round "1"]
[White "Young, Craig A."]
[Black "Jonkman, Harmen"]
[Result "1/2-1/2"]
[WhiteElo "2124"]
[BlackElo "2425"]
[PlyCount "65"]
[EventDate "2004.08.20"]

1.d4 d5 2.Nf3 Nf6 3.c4 dxc4 4.e3 e6 5.Nc3 a6 6.a4 c5 7.Bxc4 Nc6 8.O-O Be7 
9.Qe2 Qc7 10.dxc5 Bxc5 11.e4 Ng4 12.g3 Bd6 13.Ba2 O-O 14.Ng5 e5 15.Be3 Nb4
16.Bb3 Qe7 17.Nf3 Nxe3 18.Qxe3 Bc5 19.Qg5 Qxg5 20.Nxg5 Nc6 21.Kg2 Nd4 22.
Bd1 f6 23.Nf3 Be6 24.Nxd4 Bxd4 25.Nd5 Bxd5 26.exd5 Rac8 27.Rb1 Rfd8 28.Bg4
Rc5 29.Be6+ Kf8 30.b4 Rc3 31.Rfc1 b5 32.axb5 axb5 33.Rxc3 1/2-1/2

[Event "XXIV Festival Conca della Presolana A"]
[Site "Bratto - Castione della Presolana ITA"]
[Date "2004.08.20"]
[Round "1"]
[White "Zanellato, Lorenzo"]
[Black "Castaldo, Folco"]
[Result "1/2-1/2"]
[WhiteElo "2086"]
[BlackElo "2318"]
[PlyCount "59"]
[EventDate "2004.08.20"]

1.d4 d5 2.c4 e6 3.Nc3 c6 4.e3 Nf6 5.Nf3 Nbd7 6.Qc2 a6 7.b3 b5 8.Bb2 Bb7 9.
Bd3 Bd6 10.c5 Bc7 11.Ne2 Qe7 12.Ng3 h5 13.h3 h4 14.Ne2 e5 15.dxe5 Nxe5 16.
Nxe5 Bxe5 17.Bxe5 Qxe5 18.Nd4 Kf8 19.a4 Re8 20.O-O g6 21.axb5 cxb5 22.Nf3 
Qe7 23.Qc3 Rh5 24.Qd4 Ne4 25.c6 Bc8 26.Be2 Kg8 27.Nd2 Re5 28.Nf3 Rh5 29.
Nd2 Rg5 30.Nf3 1/2-1/2

[Event "XXIV Festival Conca della Presolana A"]
[Site "Bratto - Castione della Presolana ITA"]
[Date "2004.08.20"]
[Round "1"]
[White "Zoldan, Matteo"]
[Black "Karr, Jean-Philippe"]
[Result "0-1"]
[WhiteElo "2103"]
[BlackElo "2370"]
[PlyCount "130"]
[EventDate "2004.08.20"]

1.e4 c5 2.Nf3 Nc6 3.d4 cxd4 4.Nxd4 Nf6 5.Nc3 e5 6.Ndb5 d6 7.Bg5 a6 8.Na3 
b5 9.Nd5 Be7 10.Bxf6 Bxf6 11.c3 Bg5 12.Nc2 Ne7 13.Ncb4 O-O 14.a4 bxa4 15.
Rxa4 a5 16.Nxe7+ Qxe7 17.Nd5 Qb7 18.b3 Bd7 19.Ra3 Rfc8 20.Be2 Be6 21.Bc4 
Qa7 22.O-O Qc5 23.Qa1 Ra7 24.Qa2 Bxd5 25.exd5 g6 26.Ra4 f5 27.Ra1 Bd8 28.
Qa3 e4 29.Qxc5 Rxc5 30.Kf1 Bf6 31.Rc1 Bg5 32.Rc2 Kg7 33.Ke2 Kf6 34.g3 f4 
35.f3 Re7 36.Ra1 exf3+ 37.Kxf3 Re3+ 38.Kg2 h5 39.Rf1 Ke5 40.Rcf2 fxg3 41.
hxg3 Rxc3 42.Re2+ Re3 43.Rxe3+ Bxe3 44.Kf3 Bg5 45.Re1+ Kd4 46.Re6 a4 47.
Rxd6 axb3 48.Bxb3 Rc3+ 49.Kg2 Rxb3 50.Rxg6 Bd2 51.Kh3 Kxd5 52.Kh4 Be1 53.
Kxh5 Bxg3 54.Kg4 Ke4 55.Ra6 Be5 56.Ra4+ Bd4 57.Ra8 Rb1 58.Re8+ Be5 59.Rf8 
Rg1+ 60.Kh4 Bf4 61.Kh5 Rg5+ 62.Kh4 Kf3 63.Ra8 Rb5 64.Ra3+ Be3 65.Rc3 Rb6 
0-1

[Event "XXIV Festival Conca della Presolana A"]
[Site "Bratto - Castione della Presolana ITA"]
[Date "2004.08.21"]
[Round "2"]
[White "Antognini, Francesco"]
[Black "Marta, Daniele"]
[Result "1/2-1/2"]
[WhiteElo "2193"]
[BlackElo "2089"]
[PlyCount "77"]
[EventDate "2004.08.20"]

1.e4 e6 2.d4 d5 3.Nd2 Nf6 4.e5 Nfd7 5.Bd3 c5 6.c3 Nc6 7.Ngf3 cxd4 8.cxd4 
f6 9.exf6 Nxf6 10.O-O Bd6 11.b3 O-O 12.Bb2 Qb6 13.Ne5 Nxd4 14.Ndc4 dxc4 
15.Nxc4 Qc7 16.Nxd6 Qxd6 17.Bxd4 Rd8 18.Bxf6 gxf6 19.Qh5 Qe7 20.Rad1 Bd7 
21.Rfe1 Kh8 22.Re3 Be8 23.Qe2 Rd6 24.Re1 Bf7 25.Rh3 Bg8 26.Qb2 Rad8 27.
Ree3 e5 28.f4 e4 29.Bf1 Rd4 30.Re1 Qd6 31.Rhe3 Qxf4 32.Rxe4 Rxe4 33.Rxe4 
Qg5 34.Qf2 b6 35.Rf4 Rd6 36.Rf5 Qg7 37.Qf4 Qe7 38.h3 Bf7 39.Qf2 1/2-1/2

[Event "XXIV Festival Conca della Presolana A"]
[Site "Bratto - Castione della Presolana ITA"]
[Date "2004.08.21"]
[Round "2"]
[White "Astengo, Corrado"]
[Black "Sanchez, Joseph"]
[Result "0-1"]
[WhiteElo "2161"]
[BlackElo "2453"]
[PlyCount "52"]
[EventDate "2004.08.20"]

1.e4 c5 2.Nf3 Nc6 3.d4 cxd4 4.Nxd4 Nf6 5.Nc3 e5 6.Ndb5 d6 7.Bg5 a6 8.Na3 
Be6 9.Nc4 Rc8 10.Ne3 Qb6 11.Qc1 Nxe4 12.Nxe4 h6 13.Nf6+ gxf6 14.Bxf6 Rg8 
15.Bd3 Qb4+ 16.Qd2 Qf4 17.Nf5 Qxd2+ 18.Kxd2 Rxg2 19.Bh4 Rg4 20.Bg3 e4 21.
f3 Rxg3 22.Nxg3 exd3 23.cxd3 Bg7 24.Ne4 Ke7 25.Rhg1 Be5 26.h4 Nd4 0-1

[Event "XXIV Festival Conca della Presolana A"]
[Site "Bratto - Castione della Presolana ITA"]
[Date "2004.08.21"]
[Round "2"]
[White "Bancod, Ronald"]
[Black "Campanile, Roberto"]
[Result "0-1"]
[WhiteElo "2354"]
[BlackElo "2183"]
[PlyCount "132"]
[EventDate "2004.08.20"]

1.g3 Nf6 2.Bg2 g6 3.e4 d6 4.d4 Bg7 5.Nc3 O-O 6.Nge2 e5 7.O-O c6 8.a4 a5 9.
h3 Na6 10.Be3 Qe7 11.Re1 Re8 12.Qd2 Nb4 13.g4 h5 14.g5 Nd7 15.d5 c5 16.Nb5
Rf8 17.Nec3 Nb6 18.b3 f6 19.f4 fxg5 20.fxg5 Bd7 21.Rf1 Rxf1+ 22.Rxf1 Rf8 
23.Na3 Rxf1+ 24.Bxf1 Qf7 25.Qf2 Bf8 26.Nd1 Qxf2+ 27.Kxf2 Be7 28.h4 Kf7 29.
Nb2 Bd8 30.Bb5 Ke7 31.c3 Na6 32.Bxd7 Kxd7 33.Ke2 Bc7 34.Kd3 Bd8 35.Nb1 Bc7
36.Nd2 Bd8 37.Kc2 Bc7 38.Kb1 Bd8 39.Ka2 Bc7 40.Ka3 Bd8 41.Ndc4 Nxc4+ 42.
Nxc4 Bc7 43.Bd2 Bd8 44.Be1 Bc7 45.Bd2 Bd8 46.b4 axb4+ 47.cxb4 cxb4+ 48.
Bxb4 Nxb4 49.Kxb4 Kc7 50.Kb5 Be7 51.a5 Bd8 52.a6 bxa6+ 53.Kxa6 Be7 54.Na3 
Kd7 55.Nb5 Bd8 56.Nc3 Kc7 57.Ka7 Kd7 58.Kb7 Ba5 59.Na4 Be1 60.Nb6+ Kd8 61.
Nc4 Bxh4 62.Nxd6 Kd7 63.Nc4 Bg3 64.Nb6+ Kd8 65.Na4 Bf2 66.Kc6 h4 0-1

[Event "XXIV Festival Conca della Presolana A"]
[Site "Bratto - Castione della Presolana ITA"]
[Date "2004.08.21"]
[Round "2"]
[White "Barletta, Antonio"]
[Black "Magrini, Riccardo"]
[Result "0-1"]
[WhiteElo "2066"]
[BlackElo "2270"]
[PlyCount "78"]
[EventDate "2004.08.20"]

1.e4 c5 2.Nc3 Nc6 3.f4 d6 4.Nf3 g6 5.Bb5 Bd7 6.O-O Bg7 7.d3 e6 8.Bxc6 Bxc6
9.f5 Bf6 10.fxe6 fxe6 11.Be3 Qe7 12.Qd2 O-O-O 13.Qf2 b6 14.a4 h6 15.Qg3 
Bxc3 16.bxc3 Qg7 17.c4 a5 18.Bf4 Kc7 19.Ne5 Be8 20.Nf3 Ne7 21.Ra2 Nc6 22.
e5 d5 23.cxd5 Rxd5 24.Rb2 Nd4 25.Nxd4 Rxd4 26.Rfb1 Rb4 27.c3 Rxb2 28.Rxb2 
Bxa4 29.d4 cxd4 30.cxd4 Qd7 31.Be3 Rg8 32.d5 Qxd5 33.Bxb6+ Kd7 34.Qe1 Qc6 
35.Bxa5 Qc5+ 36.Kh1 Bc6 37.Rb1 Bd5 38.Rd1 Rb8 39.Ra1 Rb2 0-1

[Event "XXIV Festival Conca della Presolana A"]
[Site "Bratto - Castione della Presolana ITA"]
[Date "2004.08.21"]
[Round "2"]
[White "Bellini, Fabio"]
[Black "Sbarra, Marco"]
[Result "1-0"]
[WhiteElo "2509"]
[BlackElo "2228"]
[PlyCount "93"]
[EventDate "2004.08.20"]

1.e4 e5 2.Nf3 Nc6 3.Bb5 a6 4.Bxc6 dxc6 5.O-O Bg4 6.h3 h5 7.d3 Qf6 8.Be3 
Bxf3 9.Qxf3 Qxf3 10.gxf3 Bd6 11.Nd2 Ne7 12.Nc4 O-O-O 13.Rfb1 g5 14.Kf1 
Rhg8 15.Ke2 c5 16.a3 f6 17.b4 cxb4 18.axb4 g4 19.hxg4 hxg4 20.fxg4 Rxg4 
21.b5 axb5 22.Rxb5 Nc6 23.Nxd6+ Rxd6 24.Ra8+ Kd7 25.Rxb7 Nd8 26.Rbb8 Ne6 
27.Rh8 Rc6 28.Kd2 Rg2 29.c4 Rg7 30.Kc3 Kd6 31.Kb4 Kd7 32.c5 Rg1 33.Rh7+ 
Rg7 34.Rxg7+ Nxg7 35.Rg8 Ne8 36.Kb5 Re6 37.c6+ Ke7 38.Bc5+ Nd6+ 39.Ka6 Kf7
40.Rd8 Ne8 41.Rd7+ Kg6 42.Kb7 f5 43.Re7 Rxe7 44.Bxe7 fxe4 45.dxe4 Kf7 46.
Bb4 Ke6 47.f3 1-0

[Event "XXIV Festival Conca della Presolana A"]
[Site "Bratto - Castione della Presolana ITA"]
[Date "2004.08.21"]
[Round "2"]
[White "Bentivegna, Francesco"]
[Black "Dervishi, Erald"]
[Result "0-1"]
[WhiteElo "2250"]
[BlackElo "2486"]
[PlyCount "114"]
[EventDate "2004.08.20"]

1.e4 e5 2.Nf3 Nc6 3.Nc3 Nf6 4.g3 d5 5.exd5 Nxd5 6.Bg2 Nxc3 7.bxc3 Bc5 8.
O-O O-O 9.Re1 Re8 10.d3 Bg4 11.h3 Bh5 12.g4 Bg6 13.Ng5 Qd7 14.Ne4 Bb6 15.
Ba3 Nd8 16.Nc5 Bxc5 17.Bxc5 c6 18.Rb1 Ne6 19.Be3 b5 20.h4 h6 21.Qf3 Rac8 
22.Qg3 c5 23.f4 exf4 24.Bxf4 c4 25.dxc4 Nxf4 26.Rxe8+ Qxe8 27.Qxf4 Rxc4 
28.Qg3 Bxc2 29.Rb4 Qd7 30.Rxc4 bxc4 31.g5 h5 32.Qe5 Bg6 33.Kh2 Kh7 34.a3 
Qg4 35.Qe1 Qf4+ 36.Kh1 Qd6 37.Be4 Qxa3 38.Qe2 Qa6 39.Qxh5+ Kg8 40.Bxg6 
Qxg6 41.Qg4 Qe6 42.Qd4 g6 43.Qd8+ Kh7 44.Qf8 a5 45.Kg2 Qg4+ 46.Kf1 Qf3+ 
47.Kg1 a4 48.Kh2 Qf2+ 49.Kh3 Qa7 50.Qa3 Kg7 51.Kg4 Qd7+ 52.Kg3 Qd1 53.Qb4 
Qe1+ 54.Kg4 Qe6+ 55.Kf3 Qa6 56.Qe7 Qa5 57.h5 Qxc3+ 0-1

[Event "XXIV Festival Conca della Presolana A"]
[Site "Bratto - Castione della Presolana ITA"]
[Date "2004.08.21"]
[Round "2"]
[White "Bernard, Jacques"]
[Black "Contin, Daniel"]
[Result "0-1"]
[WhiteElo "2222"]
[BlackElo "2392"]
[PlyCount "118"]
[EventDate "2004.08.20"]

1.e4 e6 2.d4 d5 3.Nc3 Bb4 4.e5 c5 5.a3 Bxc3+ 6.bxc3 Ne7 7.h4 Qc7 8.Nf3 b6 
9.Bb5+ Bd7 10.Bd3 Ba4 11.Kf1 Nd7 12.Rh3 c4 13.Be2 f6 14.Bf4 O-O 15.Bh2 
fxe5 16.Nxe5 Nxe5 17.Bxe5 Qd7 18.Bg4 Ng6 19.Bh2 Rf6 20.h5 Ne7 21.Be5 Rf7 
22.Rf3 Rxf3 23.Bxf3 Rf8 24.Bg4 Nf5 25.Bxf5 Rxf5 26.f4 Qf7 27.h6 Rh5 28.Kg1
Rxh6 29.Qe2 Qf5 30.Rc1 Rg6 31.Kf2 Rg4 32.Kg1 Be8 33.Rf1 Rg3 34.Rf3 Bh5 35.
Qf2 Rg6 36.Rg3 Bg4 37.Re3 Qh5 38.Rg3 Rh6 39.Qd2 Qf5 40.Re3 Rg6 41.Qf2 Bd1 
42.Qh4 h6 43.Rg3 Bxc2 44.Rxg6 Qxg6 45.Kf2 Bf5 46.Qg3 Bg4 47.Qh4 Kh7 48.Qe7
a6 49.Qh4 b5 50.Qg3 Qh5 51.Ke3 Kg6 52.Kd2 Kf7 53.Ke3 Qg6 54.Kd2 Ke8 55.Kc1
Kd7 56.Kb2 h5 57.Kc1 Qe4 58.Kd2 Qe2+ 59.Kc1 h4 0-1